Géographie européenne par lettre - I - Statistiques

Statistiques générales
  • Ce quiz a été pris 819 fois
  • Le résultat moyen est 11 sur 18
Statistiques - réponses
indice répondre % Correct
Gigantesque entreprise suédoise de meubles IKEA
96%
Pays Italie
96%
Pays Irlande
95%
Pays Islande
95%
Région française la plus peuplée Île-de-France
89%
Péninsule d'Espagne et du Portugal Ibérie
81%
Une des langues officielles de la Suisse italien
78%
La préfecture de ce département est Châteauroux Indre
74%
Ville hôte olympique autrichienne Innsbruck
54%
Иван, russe pour "Jean" Ivan
51%
Ville sur la mer de Marmara Istanbul
50%
Mer entre la Grèce et l'Italie Mer {Ionienne}
44%
Ville entre Arles et Aix-en-Provence Istres
42%
Ville italienne, précédemment hôte du Grand Prix de Saint-Marin Imola
35%
Île de la mer Ionienne, qui abrite Ulysse Ithaque
31%
Ville principale des Highlands d'Ecosse Inverness
26%
Capitale du Suffolk, Angleterre Ipswich
11%
Pays-Bas lac, créé par la fermeture de la Zuiderzee IJsselmeer
3%
Aucun quiz correspondant
Distribution des résultats
% des personnes avec chaque résultat
Percentile par nombre de réponses
Votre historique - résultats
Vous n’avez pas pris ce quiz